| 000 | 00823nam a22002417a 4500 | ||
|---|---|---|---|
| 003 | dpl | ||
| 005 | 20180820130945.0 | ||
| 008 | 180820b xxu||||| |||| 00| 0 eng d | ||
| 010 | _aB-217787 | ||
| 020 |
_a8188583529 _c775.00 |
||
| 035 | _aB-217787, B-217797 | ||
| 037 | _aCen Lib / Ret | ||
| 040 |
_aDPL _bEN _c0 |
||
| 082 |
_a150 _bREF |
||
| 245 |
_aReference manual for UGC examinations : _bNET, SLET, JRF and other UPSC competitive tests Psychology / |
||
| 260 |
_aNew Delhi _bReference Press _c2004 |
||
| 270 |
_a4831/24 Ansari Road Darya Ganj _bNew Delhi _e110002 |
||
| 300 |
_a403p _b24cm(Hb) |
||
| 650 | _aCommerce -- Examinations -- Study guides. | ||
| 650 | _aCommerce -- Examinations, questions, etc. | ||
| 650 | _aExaminations -- India -- Study guides. | ||
| 942 |
_2ddc _cEN _h150 _mREF |
||
| 999 |
_c136862 _d136862 |
||